Random Sequential European Capitals on a Map - Statistics

General Stats
  • This quiz has been taken 8,040 times
    5,721 since last reset
  • The average score is 36 of 44
Answers on the Map
Answers color-coded by a green-red scale on the quiz's map according to % correct below.
 
Answer Stats
Capital % Correct
Amsterdam
85%
Athens
85%
Berlin
85%
Helsinki
85%
Kiev
85%
Madrid
85%
Monaco
85%
Moscow
85%
Oslo
85%
Paris
85%
Rome | Vatican City
85%
San Marino
85%
Bern
84%
Brussels
84%
Budapest
84%
Copenhagen
84%
Dublin
84%
Lisbon
84%
London
84%
Luxembourg
84%
Stockholm
84%
Vienna
84%
Warsaw
84%
Bucharest
83%
Minsk
83%
Prague
83%
Reykjavik
83%
Sofia
83%
Riga
82%
Zagreb
82%
Andorra la Vella
81%
Tallinn
81%
Belgrade
80%
Sarajevo
80%
Tirana
80%
Valletta
80%
Vilnius
80%
Bratislava
79%
Ljubljana
79%
Vaduz
79%
Chișinău
78%
Skopje
78%
Pristina
77%
Podgorica
75%
No matching quizzes found
Score Distribution
Percent of People with Each Score
Percentile by Number Answered
Your Score History
You have not taken this quiz since the last reset